000 00286nam a22001217a 4500
008 180928b xxu||||| |||| 00| 0 eng d
041 _aeng
080 _23 ED
_a941
100 _a16
101 _aHIS
245 _aAmerican Heritage College Dictionary
_cMIFFLIN,N
942 _2udc
_cBK
999 _c48703
_d48703